000 00574nam a2200229Ia 4500
003 OSt
005 20220918191355.0
006 a|||||r|||| 00| 0
007 ta
008 220917b |||||||| |||| 00| 0 eng d
024 _a62,888
037 _cTextual
040 _aARTS
_cARTS
_beng
041 _2eng
_aeng
082 _aQ41:232, 438J8 (Q4)
245 0 _aVibhanga Pali
260 _c1958
490 _aChhattha samgiti pitakam. Abhidhamma Pitaka
650 _aRELIGION
942 _hQ41:232, 438J8 (Q4)
_cTEXL
_2CC
999 _c189515
_d189515